| 000 | 00982cam a22003135a 4500 | ||
|---|---|---|---|
| 001 | 17183362 | ||
| 003 | OSt | ||
| 005 | 20140310184438.0 | ||
| 008 | 120225s1991 nyu j 000 1 eng d | ||
| 010 | _a 2011535819 | ||
| 020 | _a0590453432 | ||
| 035 | _a(OCoLC)ocm26390547 | ||
| 040 |
_aKOP _cKOP _dMUS _dOCLCQ _dBAKER _dBTCTA _dYDXCP _dVUE _dFT6 _dDLC |
||
| 042 | _alccopycat | ||
| 050 | 0 | 0 |
_aPZ 7 _b.St783 1977 |
| 100 | 1 |
_aStamper, Judith Bauer. _95076 |
|
| 245 | 1 | 0 |
_aTales for the midnight hour / _cJ.B. Stamper. |
| 260 |
_aNew York : _bScholastic, _c1977. |
||
| 300 |
_a120 p. : _c17 cm. |
||
| 521 | _aG4 | ||
| 526 | _c650 | ||
| 650 | 0 |
_aHorror tales _xYoung adult literature. _927301 |
|
| 650 | 0 |
_aShort stories _xYoung adult literature. _927302 |
|
| 710 | 2 |
_aCopyright Paperback Collection (Library of Congress) _5DLC _9705 |
|
| 906 |
_a0 _bibc _ccopycat _d2 _encip _f20 _gy-genrareb |
||
| 942 |
_2lcc _cBK-SCHOLAS |
||
| 999 |
_c34418 _d34418 |
||